000 01913nam0a22003371 4500
001 rc\4955537
005 20210118121358.0
021 _aRU
_b[68-67244]
035 _a(NLR Aleph) 008955213
090 _a9028755
_c9028755
100 _a20130426d1968 |||y0rusy50 ca
101 0 _arus
102 _aRU
105 _aa z |||||
200 1 _aАльбом чертежей опалубки и форм для монолитных и сборно-монолитных железобетонных конструкций
_fПод ред. канд. техн. наук И.Г. Совалова
_gГос. ком. Совета Министров СССР по делам строительства. Центр. науч.-исслед. и проектно-эксперим. ин-т организации, механизации и техн. помощи строительству "ЦНИИОМТП"
205 _a4-е изд., доп. и перераб.
210 _aМосква
_cСтройиздат
_d1968
215 _a95 с.
_cчерт.
_d24х34
300 _aПеред загл. авт.: инж. С.Г. Рабинович, канд. техн. наук В.Д. Топчий
300 _a3-е изд. вышло под загл.: Альбом чертежей опалубки и форм для монолитных и сборных железобетонных конструкций
606 _aОпалубочные работы
_xПриспособления
_jЧертежи
_2psbo
606 _aОпалубка
_jЧертежи
_2psbo
700 1 _aРабинович
_bС. Г.
_cинженер, строительство
_gСофья Григорьевна
_3RU\NLR\AUTH\770225416
701 1 _aТопчий
_bВ. Д.
702 1 _aСовалов
_bИ. Г.
_4340
801 0 _aRU
_bNLR
_gpsbo
801 1 _aRU
_bELAR
_2rusmarc
852 _aNLR
_j68-9/112
942 _cBOOK
980 _aNB